Fundamentals of biomaterials / (Record no. 48634)

MARC details
000 -LEADER
fixed length control field 00479nam a2200193Ia 4500
005 - DATE AND TIME OF LATEST TRANSACTION
control field 20260122095525.0
008 - FIXED-LENGTH DATA ELEMENTS--GENERAL INFORMATION
fixed length control field 260121s9999||||xx |||||||||||||| ||und||
020 ## - INTERNATIONAL STANDARD BOOK NUMBER
International Standard Book Number 9781493988549
082 ## - DEWEY DECIMAL CLASSIFICATION NUMBER
Classification number 610.28
Item number HAS
100 ## - MAIN ENTRY--PERSONAL NAME
Personal name Hasirci, Vasif
245 #0 - TITLE STATEMENT
Title Fundamentals of biomaterials /
260 ## - PUBLICATION, DISTRIBUTION, ETC. (IMPRINT)
Place of publication, distribution, etc New York :
Name of publisher, distributor, etc Springer,
Date of publication, distribution, etc 2018.
300 ## - PHYSICAL DESCRIPTION
Extent xxii, 338 p.; hb
650 ## - SUBJECT ADDED ENTRY--TOPICAL TERM
Topical term or geographic name as entry element Biomaterials
650 ## - SUBJECT ADDED ENTRY--TOPICAL TERM
Topical term or geographic name as entry element Ceramics
650 ## - SUBJECT ADDED ENTRY--TOPICAL TERM
Topical term or geographic name as entry element Solids
700 ## - ADDED ENTRY--PERSONAL NAME
Personal name Hasicri, Nesrin
942 ## - ADDED ENTRY ELEMENTS (KOHA)
Koha item type Text Books
Holdings
Date last seen Total Checkouts Full call number Barcode Price effective from Koha item type Lost status Damaged status Not for loan Collection code Withdrawn status Home library Current library Shelving location Date acquired Source of acquisition
22/01/2026   610.28 HAS 55025 22/01/2026 Text Books       Non-fiction   CUTN Central Library CUTN Central Library Medicine, Technology & Management 22/01/2026 Technical Buearu, New Delhi - Invoice No. - TB4434 on 07-03-2025